Adatok tánca

Bibliographic Details
Main Author: Nagy, Péter H., 1967- (Author)
Format: Book
Language:Hungarian
Published: Dunaszerdahely Lilium Aurum 2012
Edition:1. kiad.
Subjects:

MARC

LEADER 00000nam a22000005a 4500
001 vtls010529168
003 SK-MaSNL
005 20260301034107.0
008 240318s2012 xo f 000 0 hun
015 |a SNBA2013/09 
020 |a 9788080624705  |q (viaz.) 
035 |a F2F44CB7-8770-45ED-AF7D-64030731A03B 
035 |a urn:nbn:sk:snk-amjnoq 
035 |a urn:nbn:sk:snk-am002f81 
040 |a SNK  |b slo  |c SNK  |e AACR2 
041 0 |a hun 
044 |a xo  |c SK 
072 7 |a 821.511.1.09  |x Ugrofínske literatúry (o nich)  |2 konspekt 
080 |a 821.511.141  |2 2001 
080 |a 82.0  |2 2001 
080 |a 81'373  |2 2001 
080 |a (048.8)  |2 2001 
100 1 |a Nagy, Péter H.,  |d 1967-  |4 aut  |9 258418 
245 1 0 |a Adatok tánca  |c H. Nagy Péter 
250 |a 1. kiad. 
260 |a Dunaszerdahely  |b Lilium Aurum  |c 2012 
300 |a 126 s.  |c 19 cm 
366 |e 400 výt. 
500 |a Súbež. tir. slov. 
504 |a Bibliogr. odkazy. Pozn. 
650 0 7 |a maďarská literatúra  |2 SNKPH  |9 1193 
650 0 7 |a teória literatúry  |2 SNKPH  |9 1238 
650 0 7 |a lexikológia  |2 SNKPH  |9 866 
650 0 7 |a Hungarian literature  |2 SNKPHeng  |9 266362 
650 0 7 |a Literary theory  |2 SNKPHeng  |9 329972 
650 0 7 |a Lexicology  |2 SNKPHeng  |9 299233 
655 7 |a štúdie  |2 SNKPH  |9 57033 
655 7 |a Studies  |2 SNKPHeng  |9 265573 
919 |a 978-80-8062-470-5 
958 |a HU 
958 |a NB 
958 |a LX 
999 |c 581237  |d 583167 
952 |a SNK  |b SNK  |y PREZ  |7 0  |p 17A1080097  |o snkSD 82311  |i snk2013/16933  |8 0  |0 0  |1 0  |4 0  |d 2013-07-19  |l 0  |r 2025-12-04 00:00:00  |w 2026-02-23 
952 |a SNK  |b SNK  |y VYP  |7 0  |p 17A1080098  |o snkSD 82311 D1  |i snk2013/16934  |8 0  |0 0  |1 0  |4 0  |d 2013-07-19  |f 1  |l 0  |r 2017-06-30 00:00:00  |w 2026-02-23